=LDR 00000nam 2200000 4500 =001 NUTBA000000000001384 =005 20140423172429.0 =006 =007 =008 =035 ##$$a 0010-041400000000654 =082 ##$$a 372.7 =090 ##$$a 372.7 $b wid m =100 ##$$a widaryanto $t matematika sd 3b =245 ##$$a matematika sd 3b =260 ##$$a Jakarta $b Intan Pariwara $c 1993 =300 ##$$a 159 hlm $b illus $c 20 cm =850 ##$$a NBPBMAT =990 ##$$a 21194993/BPAP-NTB/2014